LEADER 00998nam1-22003731n-450- 001 990001366390203316 005 20040126093908.0 010 $a88-244-9048-4 035 $a000136639 035 $aUSA01000136639 035 $a(ALEPH)000136639USA01 035 $a000136639 100 $a20040126-2003----m||y0itay0103----ba 101 0 $aita 102 $aIT 105 $ay|||z|||001yy 200 1 $aDiritto penale$eparte generale$fAA.VV. 210 $aNapoli$cSimone$d2003 215 $a524 p.$d21 cm 225 2 $aManuali giuridici$v3 300 $a2001 410 0$1Manuali giuridici$v3 606 0 $aDiritto penale 676 $a345.45 801 0$aIT$bsalbc$gISBD 912 $a990001366390203316 951 $aIG XI 868$b37928 G.$cIG XI$d00089477 959 $aBK 969 $aGIU 979 $aRENATO$b90$c20040126$lUSA01$h0852 979 $aRENATO$b90$c20040126$lUSA01$h0939 979 $aPATRY$b90$c20040406$lUSA01$h1736 996 $aDiritto penale$963180 997 $aUNISA